ਅੱਧ-ਚਾਨਣਾ : (Record no. 110387)

MARC details
000 -LEADER
fixed length control field 01011nam a22002537a 4500
005 - DATE AND TIME OF LATEST TRANSACTION
control field 20170123164151.0
010 ## - LIBRARY OF CONGRESS CONTROL NUMBER
LC control number B-065845
020 ## - INTERNATIONAL STANDARD BOOK NUMBER
Terms of availability 125.00
International Standard Book Number 8175991208
035 ## - SYSTEM CONTROL NUMBER
System control number B-065845
037 ## - SOURCE OF ACQUISITION
Source of stock number/acquisition Cen Lib / Ret
040 ## - CATALOGING SOURCE
Original cataloging agency DPL
Language of cataloging PN
082 ## - DEWEY DECIMAL CLASSIFICATION NUMBER
Classification number 850.8
Item number ਦਰਸ਼
100 ## - MAIN ENTRY--PERSONAL NAME
Personal name ਦਰਸ਼ਨ ਸਿੰਘ
9 (RLIN) 128784
245 ## - TITLE STATEMENT
Title ਅੱਧ-ਚਾਨਣਾ :
Statement of responsibility, etc ਦਰਸ਼ਨ ਸਿੰਘ
Remainder of title ਰੇਖਾ-ਚਿੱਤਰ /
246 ## - VARYING FORM OF TITLE
Title proper/short title Addh-chanana : life sketches /
Remainder of title by Darshan Singh
260 ## - PUBLICATION, DISTRIBUTION, ETC. (IMPRINT)
Place of publication, distribution, etc ਨਵੀ ਦਿੱਲੀ
Name of publisher, distributor, etc ਨਵਯੁਗ ਪਬਲਿਸ਼ਰਜ਼
Date of publication, distribution, etc 2001
270 ## - ADDRESS
Address ਕੇ. 24, ਹੁਜ਼ ਖਾਸ
City ਨਵੀ ਦਿੱਲੀ
Postal code 110016
300 ## - PHYSICAL DESCRIPTION
Extent 168p.
Dimensions 21cm(pbk)
650 ## - SUBJECT ADDED ENTRY--TOPICAL TERM
Topical term or geographic name as entry element ਪੰਜਾਬੀ ਸਾਹਿਤ
9 (RLIN) 128785
650 ## - SUBJECT ADDED ENTRY--TOPICAL TERM
Topical term or geographic name as entry element ਪੰਜਾਬੀ ਕਹਾਣੀਆਂ
9 (RLIN) 128786
650 ## - SUBJECT ADDED ENTRY--TOPICAL TERM
Topical term or geographic name as entry element ਪੰਜਾਬੀ - ਸਾਹਿਤ
9 (RLIN) 128787
650 ## - SUBJECT ADDED ENTRY--TOPICAL TERM
Topical term or geographic name as entry element Punjabi Literature -- Fiction
9 (RLIN) 9827
942 ## - ADDED ENTRY ELEMENTS (KOHA)
Source of classification or shelving scheme Dewey Decimal Classification
Koha item type Punjabi Bks
Classification part 850.8
Call number suffix ਦਰਸ਼
Holdings
Withdrawn status Lost status Damaged status Not for loan Home library Current library Date acquired Source of acquisition Cost, normal purchase price Total Checkouts Full call number Barcode Date last seen Copy number Cost, replacement price Price effective from Koha item type
        Central Library Central Library 21/01/2016 Cen Lib/Ret 125.00   850.8 ਦਰਸ਼ B-065845 21/01/2016 1 125.00 21/01/2016 Punjabi Bks

© Delhi Public Library
Hit Counter
free hit counter